logo

Bir Sreshtho Munshi Abdur Rouf Library
Jhenaidah Cadet College

Giving : (Record no. 6527)

MARC details
000 -LEADER
fixed length control field 00825cam a2200289 a 4500
001 - CONTROL NUMBER
JCCL Control Number 6527
003 - CONTROL NUMBER IDENTIFIER
JCCL marc code BD-JhCC
005 - DATE AND TIME OF LATEST TRANSACTION
control field 20180124191109.0
008 - FIXED-LENGTH DATA ELEMENTS--GENERAL INFORMATION
fixed length control field 070921r20072007nyua b 001 0 eng
020 ## - INTERNATIONAL STANDARD BOOK NUMBER
International Standard Book Number 9780307266743
035 ## - SYSTEM CONTROL NUMBER
system control number (BD-JhCC)6527
040 ## - CATALOGING SOURCE
Original cataloging agency DLC
Transcribing agency DLC
Modifying agency DLC
-- (BD-JhCC)
041 ## - LANGUAGE CODE
Language code of Book eng
050 00 - LIBRARY OF CONGRESS CALL NUMBER
Classification number HN18
Item number .C477 2007
082 00 - DEWEY DECIMAL CLASSIFICATION NUMBER
Classification number 361.7
DDC Edition number 22
Author mark and Year CLI 2007
100 1# - MAIN ENTRY--PERSONAL NAME
Personal name Clinton, Bill,
Dates associated with a name 1946-
245 10 - TITLE STATEMENT
Title Giving :
Remainder of title how each of us can change the world /
Statement of responsibility, etc Bill Clinton.
250 ## - EDITION STATEMENT
Edition statement 1st ed.
260 ## - PUBLICATION, DISTRIBUTION, ETC. (IMPRINT)
Place of publication, distribution, etc New York :
Name of publisher, distributor, etc Knopf,
Date of publication, distribution, etc c2007.
300 ## - PHYSICAL DESCRIPTION
Pagination xiii, 240 p.
Other physical details ill. ;
Dimensions 25 cm.
500 ## - GENERAL NOTE
General note "Borzoi book."
504 ## - BIBLIOGRAPHY, ETC. NOTE
Bibliography, etc Includes bibliographical references and webography (p. 215-226) and index.
650 #0 - SUBJECT ADDED ENTRY--TOPICAL TERM
Topical term or geographic name as entry element Social action.
650 #0 - SUBJECT ADDED ENTRY--TOPICAL TERM
Topical term or geographic name as entry element Generosity.
650 #0 - SUBJECT ADDED ENTRY--TOPICAL TERM
Topical term or geographic name as entry element Voluntarism.
942 ## - ADDED ENTRY ELEMENTS (KOHA)
Source of classification or shelving scheme Dewey Decimal Classification
Koha item type Books
Holdings
Source of classification or shelving scheme Damaged status Not for loan Home library Current library Shelving location Date of accession Cost, normal purchase price Total Checkouts Full call number Barcode Date last seen Copy number Koha item type
Dewey Decimal Classification     JCC Rouf Library JCC Rouf Library General Stacks 01/24/2018 24.95   361.7 CLI 2007 8960 01/24/2018 C-1 Books

JCC Library | Contacts | JCC Home

Last Update on 23 September 2017
Copyright @ 2017-2020 JCC Rouf Library
Rouf Library, Jhenidah Cadet College (JCC), Bangladesh